| 000 | 01233cam a2200301 4500 | ||
|---|---|---|---|
| 008 | 040112n2003 000 0 eng u | ||
| 020 | _a041531853X | ||
| 035 | _a(Sirsi) u124829 | ||
| 041 | _aeng | ||
| 050 |
_a692.5 _c18 |
||
| 100 | _aSpain, Bryan | ||
| 245 | _aSpon's estimating costs guide to electrical works | ||
| 250 | _a2nd ed. | ||
| 260 |
_aLondon _bSpon _c2003 |
||
| 300 |
_axii, 289p _c22cm |
||
| 350 | _a27.99 | ||
| 520 | _aWritten for contractors and small businesses carrying out small works, this book contains cost information and rates broken down into labour, material overheads and profit for residential, retail and light industrial premises. Includes typical project costs as well as information and advice on setting up and running a business, employing staff, tax, VAT and the Construction Industry Scheme registration cards. | ||
| 520 | _aSuperseded by 3rd ed. (ISBN 0415386144) | ||
| 650 | _aBUILDING PRICE BOOKS | ||
| 650 | _aBUILT ENVIRONMENT-BUILDING COSTS | ||
| 650 | _aELECTRICAL WORKS | ||
| 650 | _aSMALL WORKS | ||
| 650 | _aSMALL BUSINESSES | ||
| 650 | _aCONSTRUCTION INDUSTRY SCHEME | ||
| 650 | _aCIS CERTIFICATES | ||
| 690 | _aBUILT ENVIRONMENT-BUILDING COSTS | ||
| 942 | _n0 | ||
| 999 |
_c103289 _d103289 |
||